<?xml version="1.0" encoding="UTF-8"?><?xml-stylesheet type="text/xsl" href="static/style.xsl"?><OAI-PMH xmlns="http://www.openarchives.org/OAI/2.0/" xmlns:xsi="http://www.w3.org/2001/XMLSchema-instance" xsi:schemaLocation="http://www.openarchives.org/OAI/2.0/ http://www.openarchives.org/OAI/2.0/OAI-PMH.xsd"><responseDate>2026-06-03T16:51:22Z</responseDate><request verb="GetRecord" identifier="oai:riubu.ubu.es:10259/7830" metadataPrefix="marc">https://riubu.ubu.es/oai/request</request><GetRecord><record><header><identifier>oai:riubu.ubu.es:10259/7830</identifier><datestamp>2023-09-26T22:01:38Z</datestamp><setSpec>com_10259_2699</setSpec><setSpec>col_10259_2709</setSpec></header><metadata><record xmlns="http://www.loc.gov/MARC21/slim" xmlns:doc="http://www.lyncode.com/xoai" xmlns:xsi="http://www.w3.org/2001/XMLSchema-instance" xmlns:dcterms="http://purl.org/dc/terms/" xsi:schemaLocation="http://www.loc.gov/MARC21/slim http://www.loc.gov/standards/marcxml/schema/MARC21slim.xsd">
<leader>00925njm 22002777a 4500</leader>
<datafield tag="042" ind1=" " ind2=" ">
<subfield code="a">dc</subfield>
</datafield>
<datafield tag="720" ind1=" " ind2=" ">
<subfield code="a">Murillo Villar, Henar</subfield>
<subfield code="e">author</subfield>
</datafield>
<datafield tag="260" ind1=" " ind2=" ">
<subfield code="c">2023</subfield>
</datafield>
<datafield tag="520" ind1=" " ind2=" ">
<subfield code="a">La sucesión ab intestato tiene lugar cuando no existe testamento, cuando este ha sido&#xd;
revocado o declarado nulo, o en el caso de que el heredero testamentario no haya aceptado&#xd;
la herencia. En tales circunstancias es preciso que la voluntas testatoris sea suplida, y eso lo&#xd;
hace la ley, el legislador, estableciendo un orden de llamamientos que trata de sustituir la&#xd;
ausencia de voluntad del finado, pero intentando acercarse lo más posible a aquélla que&#xd;
hubiera sido su última voluntad. Pues bien, dicha sucesión intestada, también llamada&#xd;
sucesión legítima, sufrió una profunda transformación a lo largo de su historia, consecuencia&#xd;
del cambio del parentesco agnaticio, - criterio parental utilizado por el ius civile romano&#xd;
durante mucho tiempo para la vocación hereditaria-, por el cognaticio, parentesco de sangre,&#xd;
que termina por imponerse en el derecho justinianeo, estableciéndose así un nuevo sistema&#xd;
de llamada hereditaria intestada que en sus líneas fundamentales ha pasado a las legislaciones&#xd;
modernas.</subfield>
</datafield>
<datafield tag="520" ind1=" " ind2=" ">
<subfield code="a">Intestate (ab intestato) succession takes place when there is no will, when it has been revoked,&#xd;
or declared null and void, or in cases where the testamentary heir has declined the inheritance.&#xd;
Under such circumstances, it is necessary to supplant the will of the testator (voluntas&#xd;
testatoris), which is what the Law and the legislator do, establishing an order of succession&#xd;
in an attempt to substitute the absence of a will of the deceased, while trying in so far as may&#xd;
be possible to approximate what might have been his last will and testament. That being so,&#xd;
the aforementioned intestate succession, also referred to as legitimate succession, underwent&#xd;
a profound transformation throughout its history, a consequence of the change from agnatic&#xd;
bloodlines, -a parental criterion used under Roman civil law (ius civile) during some time for&#xd;
hereditary vocation-, to cognate kinship, the blood relative, which was finally imposed in&#xd;
Justinian law, thereby establishing a new system of intestate hereditary succession, the&#xd;
fundamental lines of which have been passed down into modern legislation.</subfield>
</datafield>
<datafield tag="024" ind2=" " ind1="8">
<subfield code="a">http://hdl.handle.net/10259/7830</subfield>
</datafield>
<datafield tag="024" ind2=" " ind1="8">
<subfield code="a">10.36443/10259/7830</subfield>
</datafield>
<datafield ind1=" " ind2=" " tag="653">
<subfield code="a">Derecho hereditario</subfield>
</datafield>
<datafield ind1=" " ind2=" " tag="653">
<subfield code="a">Sucesión intestada</subfield>
</datafield>
<datafield ind1=" " ind2=" " tag="653">
<subfield code="a">Orden sucesorio</subfield>
</datafield>
<datafield ind1=" " ind2=" " tag="653">
<subfield code="a">Cónyuge supérstite</subfield>
</datafield>
<datafield ind1=" " ind2=" " tag="653">
<subfield code="a">Hereditary law</subfield>
</datafield>
<datafield ind1=" " ind2=" " tag="653">
<subfield code="a">Intestate succession</subfield>
</datafield>
<datafield ind1=" " ind2=" " tag="653">
<subfield code="a">Order of succession</subfield>
</datafield>
<datafield ind1=" " ind2=" " tag="653">
<subfield code="a">Surviving spouse</subfield>
</datafield>
<datafield tag="245" ind1="0" ind2="0">
<subfield code="a">El orden sucesorio "ab intestato": de Roma al derecho contemporáneo</subfield>
</datafield>
</record></metadata></record></GetRecord></OAI-PMH>